Revocación de reencuadre de multa (Registro nro. 22512)
[ vista simple ]
| 000 -LEADER | |
|---|---|
| fixed length control field | 00330 a2200109 4500 |
| 001 - CONTROL NUMBER | |
| control field | ART_56444 |
| 005 - DATE AND TIME OF LATEST TRANSACTION | |
| control field | 20260410161823.0 |
| 008 - FIXED-LENGTH DATA ELEMENTS--GENERAL INFORMATION | |
| fixed length control field | 260409a |
| 100 1# - MAIN ENTRY--PERSONAL NAME | |
| Personal name | Bello, Alberto M. |
| 245 10 - TITLE STATEMENT | |
| Title | Revocación de reencuadre de multa |
| 773 0# - HOST ITEM ENTRY | |
| Title | Doctrina Penal Tributaria y Económica |
| Related parts | - N° 64 (jun. 2022) |
| Record control number | REV4317 |
No hay ítems disponibles.